Statistics for Who I am ? #03

Click here to take the quiz!

General Stats

  • This quiz has been taken 23 times
  • The average score is 4 of 5

Answer Stats

CluesCharacters% Correct
I am a fictional character created by Sir Arthur Conan Doyle in the detective novel A Study in Red in 1887.
I was born in 1854.
I am a consultant private investigator living at 221B Baker Street in London.
I have a remarkable memory for everything that can help him solve crimes in general, as well as an extraordinary capacity for deduction.
I am frequently accompanied by my friend Doctor Watson, who narrates my adventures.
I am also a seasoned violinist, fond of medicine and science.
I am...
Sherlock Holmes
100%
I was born in 1451 in the territory of the Republic of Genoa and died on May 20, 1506 in Valladolid.
I am a Genoese navigator in the service of the Catholic Kings of Spain Isabella of Castile and Ferdinand of Aragon.
I have been instructed by Queen Isabella to reach eastern Asia (“the Indies”) by crossing the Atlantic Ocean with three caravels of which I am the “admiral”.
I am famous for having, in 1492, "discovered America" ​​after landing on the night of October 11 to 12 on an island in the Bahamas archipelago to which I give the name of San Salvador.
I am...
Christopher Colombus
96%
I was born on April 21, 1926 in London. My middle and third names are: Alexandra and Mary.
During World War II, I enlisted in the Auxiliary Territorial Service.
On November 20, 1947, I married Philip Mountbatten, Prince of Greece and Denmark.
I rule the United Kingdom of Great Britain and Northern Ireland and fourteen other sovereign states, known as Commonwealth realms, and their territories and dependencies. I am also the head of the Commonwealth, an organization of fifty-three states.
I am...
The Queen Elizabeth II
96%
I am the last born of the six children of the Titan Cronos and his sister Rhea.
My father, Cronos, fearing the prediction of his parents, Ouranos and Gaia, who said he would father a rival who would rule in his place, swallowed his first five children as soon as they were born. So that one of her sons escapes this fate, my mother, Rhea, on the advice of Gaïa, replaces me with a swaddled stone. Taken to Crete, I am raised by the nymphs Hagno, Neda, Anthracia, Anchirhoe and Myrtoessa of Mount Ida, and suckled by the goat Amalthea in a secret cave of Lyctos. My cries, which could have betrayed my presence, were drowned out by the din of arms which the Curetes clashed in their warlike dances.
I am, in Greek mythology, the supreme god.
I married my sister Hera, and I had many lovers with whom I had numerous offspring.
I am the god of sky and lightning.
I am symbolized by the eagle, the oak tree and my attribute is lightning.
I am...
Zeus
74%
I am a Japanese fictional character created by Akira Toriyama and the main hero of Dragon Ball manga.
My birth name Kakarot.
I am a Saiyan who was born on planet Vegeta in the year 734 of the Dragon Ball timeline. I am Bardock and Gine's son.
I live alone in the mountains far from the city, I inherited a four-star ball known as Dragon Ball, which I keep as a souvenir from my grandfather Son Gohan.
I befriend a teenage girl named Bulma. Together we embark on a quest for the seven Dragon Balls which, when collected, summon the wish-granting dragon Shenron.
During my adventures, I find new friends who follow me on my journey. As I grow, I save the Earth and the universe from the bad guys.
I am...
Son Goku
43%

Score Distribution

Percentile by Number Answered

Percent of People with Each Score

Your Score History

You have not taken this quiz